LEADER 01059nas 2200325-a 450 001 996336483203316 005 20240413030102.0 035 $a(CKB)991042736764436 035 $a(CONSER)cn-84030373- 035 $a(MiAaPQ)52302 035 $a(EXLCZ)99991042736764436 100 $a19840224a19819999 k-- a 101 0 $aeng 181 $ctxt$2rdacontent 182 $cc$2rdamedia 183 $acr$2rdacarrier 200 00$aNorth Thompson journal 210 $a[Barriere, B.C.] $c[North Thompson Publishers]$d[1981]- 215 $a1 online resource 311 08$aPrint version: North Thompson journal. 0823-7425 (DLC)cn 84030373 (OCoLC)10451255 606 $aCanadian newspapers$zBritish Columbia$zBarričre Region 606 $aJournaux canadiens-anglais$zColombie-Britannique$zBarričre, Région de 615 0$aCanadian newspapers 615 6$aJournaux canadiens-anglais 676 $a071/.1141 906 $aJOURNAL 912 $a996336483203316 920 $aexl_impl conversion 996 $aNorth Thompson journal$92348567 997 $aUNISA